Footballers by Club Quiz Stats

 Plays Quiz not verified by Sporcle

Challenge
Share
Tweet
Embed
Score 0/16 Timer 05:00
0 Plays Today
Clubs Player % Correct
Manchester United, Preston North End, Real Madrid, LA Galaxy, Milan David Beckham
99.2%
Milan Paolo Maldini
74.2%
Santos, New York Cosmos Pele
71.9%
Cruzeiro, PSV, FC Barcelona, Internazionale, Real Madrid, Milan, Corinthians Ronaldo
71.7%
Högaborg, Helsingborg, Feyenoord, Celtic, FC Barcelona, Manchester United Henrik Larsson
69.3%
Leicester City, Everton, FC Barcelona, Tottenham Hotspur, Nagoya Grampus Eight Gary Lineker
57.7%
Kispest, Budapest Honvéd, Real Madrid Ferenc Puskas
57.3%
Scunthorpe United, Liverpool, Hamburg, Southampton, Newcastle United Kevin Keegan
54.3%
Clubs Player % Correct
Dynamo Kyiv, Shakhtar Donetsk, Manchester United, Everton, Fiorentina, Rangers, Manchester City, Southampton, Al-Hilal, Saturn Moscow Oblast, Krylia Sovetov Andrei Kanchelskis
48.9%
Ajax, FC Barcelona, LA Aztecs, Washington Diplomats, Levante, Feyenoord Johan Cruyff
42.1%
Newell's Old Boys, River Plate, Boca Juniors, Fiorentina, Roma, Internazionale, Al Arabi Gabriel Batistuta
41.8%
AS Nancy, Saint-Étienne, Juventus Michel Platini
38.1%
Watford, Liverpool, Newcastle United, Charlton Athletic, Celtic John Barnes
37.9%
West Ham United, Fulham, San Antonio Thunder, Seattle Sounders Bobby Moore
35.8%
Flamengo, Udinese, Sumitomo Metals, Kashima Antlers Zico
20.3%
Kickers Offenbach, 1860 Munich, Werder Bremen, Roma, Olympique Marseille, Bayer Leverkusen Rudi Voller
16.5%

You're not logged in!

Compare scores with friends on all Sporcle quizzes.
Join for Free
OR
Log In

You Might Also Like...

Show Comments

Extras

Top Quizzes Today


Score Distribution

Your Account Isn't Verified!

In order to create a playlist on Sporcle, you need to verify the email address you used during registration. Go to your Sporcle Settings to finish the process.

Report this User

Report this user for behavior that violates our Community Guidelines.

Details: